000 00453nam a22001817a 4500
003 NUST
020 _a9788177584837
038 _akhadija
082 _a004.21
_bHEU
100 _aVenkatesh, G. T.
_981602
245 _acomputer systems design and architecture /
250 _a2nd ed
260 _aNew Delhi : Size:
_bDorling kindersley
_c2013.
300 _a1004 p : ,
_b25 cm.
500 _aPaperback.
563 _apaper back
942 _cBK
_2ddc
999 _c33593
_d33593